| 000 | 00703cab a2200217 4500 | ||
|---|---|---|---|
| 001 | WB2921-44 | ||
| 008 | 090401t1993 xxu||||| |||| 00| 0 eng d | ||
| 035 | _a(Sirsi) u42921 | ||
| 041 | _aeng | ||
| 245 | _aFree booklet on farm woodlands | ||
| 260 | _c1993 | ||
| 350 | _a0 | ||
| 490 |
_aMAFF News Release _v(178/93) 28 May 1993 (2) |
||
| 520 | _aMAFF has published "Farm woodlands - a practical guide", covering opportunities for farmers, advice on planning and management, and the funding and assistance available. | ||
| 650 | _aFARM WOODLAND PREMIUM SCHEME | ||
| 650 | _aFARM WOODLANDS | ||
| 650 | _aWOODLAND GRANT SCHEME | ||
| 690 | _aRURAL PRACTICE | ||
| 942 | _n0 | ||
| 948 | _c04/03/1997 | ||
| 999 |
_c27451 _d27451 |
||